| 000 | 00469nam a2200157 a 4500 | ||
|---|---|---|---|
| 005 | 20140412111349.0 | ||
| 008 | 050411s19uu xx 00 eng d | ||
| 050 |
_aTR(GS 428 _bC34 1996 |
||
| 100 | _aChapman, James A. | ||
| 245 |
_aHandbook of grammar and composition / _cJames A. Chapman. |
||
| 250 | _aThird Edition | ||
| 260 |
_aPensacola, Florida : _bA Beka Book, _c1996. |
||
| 300 | _a362 p. | ||
| 650 |
_aEnglish languange _xStudy and teaching |
||
| 999 |
_c105281 _d105281 |
||